000 00862nam a2200289 a 4500
001 000005227
003 DO-SdBNP
005 20171002105722.0
007 000005227
008 090818s2008 dr 000 0 spa d
020 _a9789945068658
040 _aBPMSU
_bspa
_cBPMSU
082 _aRD863.44
_bV443j
100 1 _aVeloz Maggiolo, Marcio,
_d1936-
245 1 3 _aEl jefe iba descalzo /
_cMarcio Veloz Maggiolo ; edición al cuidado de Isael Pérez.
260 _aSanto Domingo :
_bSantuario,
_c2008.
300 _a84 p. ;
_c21 cm.
490 _aSantuario
_v22
650 4 _aLITERATURA DOMINICANA
650 4 _aNOVELA DOMINICANA
700 1 2 _aPérez, Isael,
_eed.
830 _lSantuario
_r22
910 _aValidado. Control de calidad BNPHU
942 _2ddc
_cBK
945 _aInventariado / 2017 VM
956 _aVMATEO
_b10
_c20150918
_lBPMSU
_h00151
999 _c7401
_d7401